000 00539nam a2200205Ii 4500
003 JO-AjNU
008 230606s9999||||xx |||||||||||||| ||und||
020 _a978-0-459-11240-2
040 _aJO-AjNU
_beng
_erda
_cJO-AjNU
041 _aeng
050 1 4 _aQC23.J59.2008
100 3 _aSERWAY,Jewett,
_eauthor
_93717
245 0 0 _aPhysics
264 3 1 _aAustralia:Thomson,2008
300 _a1390p
336 _atext
_btxt
_2rdacontent
337 _aunmediated
_bn
_2rdamedia
338 _avolume
_bnc
_2rdacarrier
650 4 _aphysics
_93718
999 _aE1941
_c1941
_d1941